00393nmm a2200133Ia 4500008004100000041000800041100002000049245001400069264005700083300001600140490002200156650003000178856005100208251105s9999||||xx |||||||||||||||||und|| aspa aRoberson, Chris 0aYesterday a[Madrid, España] :bLa Factoría de Ideas, c2012 a0 páginas aSolaris ficción aScience fiction & Fantasy uhttps://public.digitaliapublishing.com/a/25268